Welcome to the Holygrace Academy Library

Please use search bar below to get started

PRESENT MOMENT WONDERFUL MOMENT (Record no. 5156)

MARC details
000 -LEADER
fixed length control field 00355nam a22001457a 4500
020 ## - INTERNATIONAL STANDARD BOOK NUMBER
ISBN 81-7621-006-4
082 ## - DEWEY DECIMAL CLASSIFICATION NUMBER
Classification number 200
Item number HAN/P
100 ## - MAIN ENTRY--AUTHOR NAME
Personal name HANH, THICH NHAT
245 ## - TITLE STATEMENT
Title PRESENT MOMENT WONDERFUL MOMENT
260 ## - PUBLICATION, DISTRIBUTION, ETC. (IMPRINT)
Place of publication DELHI
Name of publisher FULL CIRCLE
Year of publication 1997
300 ## - PHYSICAL DESCRIPTION
Number of Pages 75
520 ## - SUMMARY, ETC.
Summary, etc MINDFULNESS VERSES FOR DAILY LIVING
650 ## - SUBJECT ADDED ENTRY--TOPICAL TERM
Topical Term RELIGIOUS
Geographic subdivision INDIA
942 ## - ADDED ENTRY ELEMENTS (KOHA)
Koha item type Books
Holdings
Withdrawn status Lost status Collection code Home library Current library Shelving location Date acquired Source of acquisition Full call number Accession Number Koha item type
    Non-fiction Main Library Main Library SHELF 15 C-RELIGIOUS 14/07/2016 purchase 200 HAN/P 04336 Books